A Restatement of Religon: (Record no. 183596)

MARC details
000 -LEADER
fixed length control field 00671nam a22001817a 4500
005 - DATE AND TIME OF LATEST TRANSACTION
control field 20211229141751.0
010 ## - LCCN (DPL NO)
LC control number ENG-130747
020 ## - INTERNATIONAL STANDARD BOOK NUMBER
International Standard Book Number 978-93-886-89-441
Terms of availability 399.00
035 ## - SYSTEM CONTROL NUMBER
System control number EN-114279
037 ## - SOURCE OF ACQUISITION
Source of stock number/acquisition DBAD
082 ## - DEWEY DECIMAL CLASSIFICATION NUMBER
Classification number 294.517
100 ## - MAIN ENTRY--PERSONAL NAME
Personal name Sharma, Jyotirmaya
245 ## - TITLE STATEMENT
Title A Restatement of Religon:
Statement of responsibility, etc Jyotirmaya Sharma
Remainder of title Swami Vivekananda and the Making of Hindu Nationalism/
260 ## - PUBLICATION, DISTRIBUTION, ETC. (IMPRINT)
Place of publication, distribution, etc Chennai
Name of publisher, distributor, etc Westland Publications Private Limited
Date of publication, distribution, etc 2003
270 ## - ADDRESS
Address 1st Floor, A Block, East Wing, Plot No. 40, SP Info City, Dr. MGR Salai, Perungudi, Kandanchavadi
City Chennai
Postal code 600096
300 ## - PHYSICAL DESCRIPTION
Extent 238p
Dimensions 21cm(pbk)
942 ## - ADDED ENTRY ELEMENTS (KOHA)
Source of classification or shelving scheme Dewey Decimal Classification
Item type English Books
Classification part 355.00092
Call number suffix ARO

No items available.


© Delhi Public Library
Hit Counter
free hit counter